[Event "World Championship (rapid) 2015"]
[Site "Berlin GER"]
[Date "2015.10.12"]
[Round "11"]
[White "Safarli, Eltaj"]
[Black "Andreikin, Dmitry"]
[Result "1/2-1/2"]
[WhiteElo "2657"]
[BlackElo "2720"]
[PlyCount "74"]
[EventDate "2015.10.10"]

1. e4 c5 2. Nf3 e6 3. Nc3 a6 4. g3 Nc6 5. Bg2 d6 6. O-O Nf6 7. d4 cxd4 8. Nxd4
Bd7 9. Nxc6 Bxc6 10. a4 Be7 11. a5 O-O 12. Be3 Rc8 13. Re1 Nd7 14. Na4 f5 15.
Nb6 Nxb6 16. Bxb6 Qd7 17. c4 e5 18. exf5 Qxf5 19. Bd5+ Kh8 20. Ra3 Rf6 21. Rf3
Qxf3 22. Bxf3 Rxf3 23. Re3 Rf5 24. b4 Rcf8 25. Rd3 h5 26. Rd5 h4 27. b5 Be8 28.
Be3 hxg3 29. hxg3 R8f6 30. Kg2 Kg8 31. g4 Rf3 32. Qxf3 Rxf3 33. Kxf3 Bf7 34.
Ke4 Bg6+ 35. Kf3 Bf7 36. Ke4 Bg6+ 37. Kf3 Bf7 1/2-1/2

[Event "World Championship (rapid) 2015"]
[Site "Berlin GER"]
[Date "2015.10.12"]
[Round "11"]
[White "Ragger, Markus"]
[Black "Petrosian, Tigran L"]
[Result "0-1"]
[WhiteElo "2698"]
[BlackElo "2625"]
[PlyCount "104"]
[EventDate "2015.10.10"]

1. d4 d6 2. e4 Nf6 3. Nc3 g6 4. Nf3 Bg7 5. Be2 a6 6. O-O O-O 7. Re1 b5 8. e5
Ne8 9. a4 b4 10. Nd5 Nc6 11. Bf4 Bb7 12. Qd2 Nxd4 13. Qxd4 dxe5 14. Nxe7+ Qxe7
15. Bxe5 Rd8 16. Qf4 Qc5 17. Bd3 b3 18. Bxg7 Nxg7 19. Rac1 Ne6 20. Qf6 Bxf3 21.
Qxf3 Nd4 22. Qe3 Rfe8 23. Qxe8+ Rxe8 24. Rxe8+ Kg7 25. c3 Nf3+ 26. Kf1 Nxh2+
27. Ke2 Ng4 28. Rf1 Qc6 29. Re4 Nf6 30. Rc4 Qxg2 31. Rxc7 Qg4+ 32. f3 Qe6+ 33.
Kd2 Nd5 34. Re1 Qh3 35. Rc4 Qh6+ 36. f4 Nxf4 37. Ree4 Nd5+ 38. Ke2 Qc1 39. Red4
Qxb2+ 40. Kf3 Qc1 41. Ke4 Nxc3+ 42. Ke5 b2 43. Kd6 h5 44. Rc7 Qe3 45. Kc5 Qxd3
46. Rxd3 Nxa4+ 47. Kc6 b1=Q 48. Rdd7 Qb6+ 49. Kd5 Qe6+ 50. Kd4 Nb6 51. Re7 Qf6+
52. Kc5 h4 0-1

[Event "World Championship (rapid) 2015"]
[Site "Berlin GER"]
[Date "2015.10.12"]
[Round "11"]
[White "Ponkratov, Pavel"]
[Black "Korobov, Anton"]
[Result "0-1"]
[WhiteElo "2604"]
[BlackElo "2700"]
[PlyCount "102"]
[EventDate "2015.10.10"]

1. d4 Nf6 2. c4 e6 3. Nc3 Bb4 4. Qc2 b6 5. e4 c5 6. a3 Bxc3+ 7. bxc3 Bb7 8. e5
Ng8 9. Bf4 Ne7 10. Rd1 Qc7 11. d5 exd5 12. Nf3 d4 13. cxd4 Bxf3 14. gxf3 cxd4
15. Rxd4 Nbc6 16. Re4 Qb7 17. Bc1 Nd8 18. Bg2 Ne6 19. O-O Rc8 20. Rd1 g6 21.
Bh3 Nf5 22. Qc3 Qc6 23. Be3 O-O 24. Qd3 Rfd8 25. Qe2 d5 26. exd6 Rxd6 27. Rc1
Ned4 28. Bxd4 Nxd4 29. Qe3 Rcd8 30. Kg2 Qc5 31. Re5 Qc6 32. c5 Rd5 33. Rxd5
Qxd5 34. cxb6 axb6 35. Rc8 Rxc8 36. Bxc8 Kg7 37. Bb7 Qd6 38. f4 f6 39. Be4 Ne6
40. Kf3 h5 41. h4 Qd1+ 42. Kg2 Qg4+ 43. Kf1 Nxf4 44. Bf3 Qxh4 45. Qe7+ Kh6 46.
Qf8+ Kg5 47. Qa8 Qh3+ 48. Kg1 Qe6 49. Kf1 Qc4+ 50. Kg1 Qc1+ 51. Kh2 Qf1 0-1

[Event "World Championship (rapid) 2015"]
[Site "Berlin GER"]
[Date "2015.10.12"]
[Round "11"]
[White "Grischuk, Alexander"]
[Black "Navara, David"]
[Result "1-0"]
[WhiteElo "2774"]
[BlackElo "2734"]
[PlyCount "79"]
[EventDate "2015.10.10"]

1. e4 c6 2. d4 d5 3. e5 Bf5 4. Nf3 e6 5. Be2 Nd7 6. O-O Bg6 7. Nbd2 Nh6 8. Nb3
Nf5 9. a4 a6 10. a5 c5 11. dxc5 Bxc5 12. Nxc5 Nxc5 13. c3 O-O 14. Nd4 Qc7 15.
Nxf5 Bxf5 16. Be3 Nd7 17. f4 b6 18. axb6 Nxb6 19. Bxa6 Rfb8 20. Bd4 Nc4 21. b4
Qc6 22. Bxc4 Qxc4 23. Qd2 Ra6 24. Rxa6 Qxa6 25. Qb2 h5 26. Ra1 Qd3 27. Qf2 Kh7
28. h3 Bg6 29. Kh2 Kg8 30. Ra7 Kh7 31. f5 Bxf5 32. Rxf7 Ra8 33. Qg3 Qxg3+ 34.
Kxg3 Kg6 35. Re7 Ra2 36. b5 h4+ 37. Kf4 Rxg2 38. b6 Rg3 39. b7 Be4 40. b8=Q 1-0

[Event "World Championship (rapid) 2015"]
[Site "Berlin GER"]
[Date "2015.10.12"]
[Round "11"]
[White "Aronian, Levon"]
[Black "Seirawan, Yasser"]
[Result "1-0"]
[WhiteElo "2784"]
[BlackElo "2620"]
[PlyCount "66"]
[EventDate "2015.10.10"]

1. c4 e5 2. Nc3 Nc6 3. Nf3 f5 4. g3 Nf6 5. d4 e4 6. Nh4 g6 7. Bg5 Bg7 8. e3 d6
9. Ng2 h6 10. Bxf6 Qxf6 11. Nf4 Qf7 12. Rc1 O-O 13. c5 g5 14. Nh5 dxc5 15. Nb5
cxd4 16. Bc4 Be6 17. Bxe6 Qxe6 18. Nxc7 Qxa2 19. Nxa8 Rxa8 20. O-O Be5 21. f4
gxf4 22. gxf4 Bh8 23. Ng3 Rf8 24. Nxf5 Kh7 25. Qh5 Rf6 26. Ng3 dxe3 27. Rcd1
Qe6 28. Qe2 Rf7 29. Qxe3 Bxb2 30. Kh1 a5 31. f5 Qe5 32. Qb3 Rc7 33. f6 Qc3 1-0

[Event "World Championship (rapid) 2015"]
[Site "Berlin GER"]
[Date "2015.10.12"]
[Round "11"]
[White "Anand, Viswanathan"]
[Black "Khairullin, Ildar"]
[Result "1/2-1/2"]
[WhiteElo "2803"]
[BlackElo "2652"]
[PlyCount "51"]
[EventDate "2015.10.10"]

1. e4 c5 2. Nf3 e6 3. g3 Nc6 4. Bg2 Nf6 5. d3 d5 6. Qe2 Be7 7. O-O O-O 8. e5
Nd7 9. c4 Re8 10. Nc3 d4 11. Ne4 Ndxe5 12. Nxe5 Nxe5 13. Nxc5 Nc6 14. Ne4 e5
15. g4 f5 16. gxf5 Bxf5 17. Ng3 Bg6 18. Be4 Bxe4 19. Nxe4 Qd7 20. Kh1 Rf8 21.
Rg1 Qf5 22. Rg3 Kh8 23. Bd2 Rf7 24. Rag1 Raf8 25. Bg5 Nd8 26. Bxe7 1/2-1/2

[Event "World Championship (rapid) 2015"]
[Site "Berlin GER"]
[Date "2015.10.12"]
[Round "11"]
[White "Agdestein, Simen"]
[Black "Nguyen, Ngoc Truong Son"]
[Result "1/2-1/2"]
[WhiteElo "2606"]
[BlackElo "2634"]
[PlyCount "164"]
[EventDate "2015.10.10"]

1. Nf3 Nf6 2. g3 g6 3. Bg2 Bg7 4. c4 c6 5. O-O O-O 6. b3 d5 7. Bb2 a5 8. d3 a4
9. Nbd2 Bg4 10. b4 a3 11. Bc3 Na6 12. Rb1 dxc4 13. dxc4 Bf5 14. Rb3 c5 15. b5
Nb4 16. Bxb4 cxb4 17. Rxb4 Qa5 18. Rb3 Rfd8 19. Qc1 Nd7 20. c5 Bb2 21. Nc4 Bxc1
22. Nxa5 Nxc5 23. Rxc1 Rxa5 24. Rxc5 Rd1+ 25. Bf1 Bh3 26. Nd2 Be6 27. Nc4 Ra1
28. Rc3 Bh3 29. Ne3 Bxf1 30. Nxf1 Rxa2 31. Rc1 Rb2 32. Ra1 a2 33. Rcc1 Kg7 34.
Ne3 Raxb5 35. Rd1 Rxe2 36. Rdc1 Reb2 37. Nd1 Rb1 38. Nc3 Rxc1+ 39. Rxc1 Ra5 40.
Ra1 Ra3 41. Ne2 b5 42. Nc1 Rc3 43. Nxa2 Ra3 44. h4 b4 45. Rb1 Rxa2 46. Rxb4 h5
47. Kg2 e5 48. Rb6 Ra4 49. Rc6 Kf8 50. Rc5 e4 51. Rc7 Kg7 52. Rc6 Ra5 53. Kf1
Re5 54. Ke2 Kf8 55. Ke3 Kg7 56. Rc4 f5 57. Kf4 Kf6 58. Ra4 Re6 59. Rb4 Ra6 60.
Rc4 Ra2 61. Rc6+ Kf7 62. Ke3 Ra3+ 63. Ke2 f4 64. Rc4 Ra2+ 65. Ke1 Ra1+ 66. Ke2
Ra2+ 67. Ke1 fxg3 68. fxg3 e3 69. Re4 Kf6 70. Rxe3 Kf5 71. Kf1 Kg4 72. Re6 Kxg3
73. Rxg6+ Kxh4 74. Kg1 Kh3 75. Kh1 h4 76. Kg1 Ra1+ 77. Kf2 Kh2 78. Rg2+ Kh1 79.
Rg4 h3 80. Rg3 h2 81. Rg8 Ra2+ 82. Kf1 Rf2+ 1/2-1/2

[Event "World Championship (rapid) 2015"]
[Site "Berlin GER"]
[Date "2015.10.12"]
[Round "11"]
[White "Sasikiran, Krishnan"]
[Black "Ponomariov, Ruslan"]
[Result "1-0"]
[WhiteElo "2639"]
[BlackElo "2710"]
[PlyCount "145"]
[EventDate "2015.10.10"]

1. d4 Nf6 2. c4 e6 3. g3 d5 4. Bg2 dxc4 5. Nf3 Bd7 6. Ne5 Bc6 7. Nxc6 Nxc6 8.
O-O Qd7 9. e3 O-O-O 10. Nc3 Nd5 11. Bd2 Bb4 12. Qe2 Nb6 13. Rfd1 f5 14. b3 cxb3
15. axb3 Kb8 16. Na4 Nd5 17. Rdc1 Bd6 18. b4 h5 19. b5 Nce7 20. Nc5 Bxc5 21.
dxc5 c6 22. b6 a6 23. e4 fxe4 24. Qxe4 Kc8 25. Bg5 Nf6 26. Qe5 Ng6 27. Qe2 e5
28. h4 e4 29. Bxe4 Rde8 30. Bxf6 gxf6 31. Qc2 Nxh4 32. Ra4 Rhg8 33. Bh1 Qh3 34.
Qd3 Rd8 35. Qe3 Ng6 36. Bg2 Qf5 37. Kh2 Ne5 38. Kg1 Ng4 39. Qf4 Qxf4 40. Rxf4
Rg5 41. Bh3 Kb8 42. Bxg4 hxg4 43. Rxf6 Kc8 44. Kg2 Rh8 45. Rf7 Rgh5 46. Rc4
Rh2+ 47. Kf1 Rh1+ 48. Ke2 Re8+ 49. Kd2 Rd8+ 50. Ke3 Re1+ 51. Kf4 Rg8 52. Kf5
Re2 53. Rf4 a5 54. Rxg4 Rxf2+ 55. Rf4 Rc2 56. Rc7+ Kb8 57. Ke6 Re8+ 58. Kf7 Rc8
59. Rxc8+ Kxc8 60. Ke6 Re2+ 61. Kf6 Rc2 62. g4 Kd7 63. g5 Rxc5 64. g6 Rc1 65.
g7 Rg1 66. Rf5 Rxg7 67. Kxg7 a4 68. Kf6 Kd6 69. Ra5 c5 70. Rxa4 Kc6 71. Ke5
Kxb6 72. Kd5 Kb5 73. Ra1 1-0

[Event "World Championship (rapid) 2015"]
[Site "Berlin GER"]
[Date "2015.10.12"]
[Round "11"]
[White "Morozevich, Alexander"]
[Black "Vidit, Santosh Gujrathi"]
[Result "0-1"]
[WhiteElo "2711"]
[BlackElo "2651"]
[PlyCount "136"]
[EventDate "2015.10.10"]

1. Nf3 Nf6 2. g3 d5 3. Bg2 g6 4. c4 dxc4 5. Qa4+ Nfd7 6. h4 h6 7. Qxc4 Bg7 8.
O-O O-O 9. d4 Nb6 10. Qc5 Na6 11. Qa5 Nc4 12. Qc3 Nd6 13. Bf4 c5 14. Qc1 cxd4
15. Bxh6 Nf5 16. Bxg7 Kxg7 17. Rd1 Qb6 18. Na3 Rd8 19. Nc4 Qc5 20. b3 Be6 21.
Qb2 Bxc4 22. bxc4 Qb6 23. Rab1 Qxb2 24. Rxb2 Nc5 25. g4 Nd6 26. Rxd4 Ne6 27.
Rd3 Rac8 28. Nd2 Nf4 29. Re3 Rd7 30. Rb4 b6 31. Bf1 Ne6 32. Ra3 Nd4 33. Rd3 Nc6
34. Ra4 Rdc7 35. c5 bxc5 36. e3 Rb8 37. Rc3 Rb4 38. Rxb4 Nxb4 39. a3 Nd5 40.
Rc2 Nb6 41. f4 c4 42. Nf3 Nb5 43. a4 Nxa4 44. Rxc4 Rxc4 45. Bxc4 Nd6 46. Bb3
Nc5 47. Ba2 a5 48. Kf1 Nde4 49. Ng5 e6 50. Nf3 a4 51. Nd4 Nc3 52. Bc4 a3 53.
Nc2 a2 54. Ke1 N5e4 55. Bb3 Nf6 56. g5 Nfe4 57. Bc4 Kf8 58. Bd3 Ke7 59. Bxe4
Nxe4 60. Ke2 Ng3+ 61. Kd3 Nf5 62. e4 Nxh4 63. e5 Ng2 64. Ke4 Kd7 65. Na1 Kc6
66. Nb3 Kb5 67. Na1 Kc4 68. Nc2 Kc3 0-1

[Event "World Championship (rapid) 2015"]
[Site "Berlin GER"]
[Date "2015.10.12"]
[Round "11"]
[White "Rublevsky, Sergei"]
[Black "Grigoriants, Sergey"]
[Result "1/2-1/2"]
[WhiteElo "2702"]
[BlackElo "2603"]
[PlyCount "114"]
[EventDate "2015.10.10"]

1. e4 c5 2. Nf3 e6 3. c3 d5 4. exd5 Qxd5 5. d4 Nf6 6. Be2 Nc6 7. O-O cxd4 8.
cxd4 Be7 9. Nc3 Qd6 10. Nb5 Qd8 11. Bf4 Nd5 12. Bg3 O-O 13. Bc4 a6 14. Bxd5
axb5 15. Be4 Bf6 16. Qd3 h6 17. Rfd1 Qb6 18. Bd6 Rd8 19. Bc5 Qa6 20. Qb3 Bd7
21. d5 Na5 22. Qb4 exd5 23. Bxd5 Bc6 24. Bxc6 Rxd1+ 25. Rxd1 Nxc6 26. Qe4 Qa4
27. Qxa4 Rxa4 28. b3 Rxa2 29. Kf1 Rc2 30. Be3 Rc3 31. Rd7 Rxb3 32. Rxb7 Rb2 33.
Rb6 Ne5 34. Ne1 Ng4 35. Nd3 Nxe3+ 36. fxe3 Rb1+ 37. Ke2 Bc3 38. Nc5 b4 39. h3
Ra1 40. Kf3 Ra3 41. Ke2 Ra2+ 42. Kf3 Rd2 43. Na6 Rb2 44. Nc5 g6 45. Rb7 Rd2 46.
Ne4 Rd8 47. Nxc3 bxc3 48. Rc7 Rd3 49. g3 g5 50. h4 gxh4 51. gxh4 Kg7 52. h5 Rd5
53. Kg4 Rg5+ 54. Kh4 Re5 55. Rxc3 Re4+ 56. Kg3 Kf6 57. Kf3 Re5 1/2-1/2

[Event "World Championship (rapid) 2015"]
[Site "Berlin GER"]
[Date "2015.10.12"]
[Round "11"]
[White "Leko, Peter"]
[Black "Antipov, Mikhail Al"]
[Result "0-1"]
[WhiteElo "2707"]
[BlackElo "2569"]
[PlyCount "158"]
[EventDate "2015.10.10"]

1. Nf3 Nf6 2. c4 c6 3. d4 d5 4. e3 Bf5 5. Nc3 e6 6. Nh4 Be4 7. f3 Bg6 8. Qb3
Qb6 9. Bd2 Qxb3 10. axb3 Bc2 11. g3 Bxb3 12. c5 Nbd7 13. Ra3 Bc4 14. Bxc4 dxc4
15. Ke2 a6 16. Rha1 e5 17. Ra4 exd4 18. exd4 g6 19. Rxc4 Bg7 20. Ng2 O-O-O 21.
Bf4 Rhe8+ 22. Kf2 Re6 23. Re1 Rxe1 24. Nxe1 Nf8 25. Be5 Ne6 26. Nd3 Ne8 27. Ne2
f6 28. Bf4 Nxf4 29. Ndxf4 Nc7 30. g4 Bh6 31. h4 Nb5 32. Nd3 Rd7 33. f4 f5 34.
Ne5 Re7 35. gxf5 gxf5 36. Kf3 Re8 37. Ng3 Rf8 38. Rb4 Nc7 39. Nc4 Nb5 40. Ne3
Bg7 41. Ngxf5 Bf6 42. Ng4 Bh8 43. Ke4 Kd7 44. Ne5+ Ke6 45. Ne3 Bf6 46. h5 Rd8
47. N3g4 Bh4 48. Nf3 Bf6 49. Nge5 Rg8 50. f5+ Ke7 51. d5 Bxe5 52. Nxe5 cxd5+
53. Kxd5 Kf6 54. c6 bxc6+ 55. Nxc6 Rg5 56. Kc5 Rxf5+ 57. Kb6 Rxh5 58. Kxa6 Nc7+
59. Kb7 Ne6 60. Kb6 Rh2 61. b3 Rb2 62. Na5 h5 63. Rc4 Kf5 64. b4 Nf4 65. b5 h4
66. Rc5+ Ke4 67. Nc4 Rg2 68. Nd6+ Kd3 69. Rc8 Nd5+ 70. Ka7 Rg7+ 71. Nb7 Rh7 72.
b6 h3 73. Rc1 h2 74. Rh1 Kc4 75. Rc1+ Kb5 76. Rh1 Nb4 77. Kb8 Kxb6 78. Kc8 Rh8+
79. Nd8 Nd3 0-1

[Event "World Championship (rapid) 2015"]
[Site "Berlin GER"]
[Date "2015.10.12"]
[Round "11"]
[White "Eljanov, Pavel"]
[Black "Stern, Rene"]
[Result "1-0"]
[WhiteElo "2717"]
[BlackElo "2538"]
[PlyCount "57"]
[EventDate "2015.10.10"]

1. Nf3 Nf6 2. g3 e6 3. Bg2 d5 4. c4 dxc4 5. O-O a6 6. Qc2 Nbd7 7. a4 Rb8 8.
Qxc4 b5 9. Qc2 Bb7 10. d3 Be7 11. Nc3 O-O 12. e4 b4 13. Nb1 a5 14. Rd1 c5 15.
Bf4 Rc8 16. Nbd2 Nb6 17. Ne5 Bd6 18. Ndc4 Nxc4 19. dxc4 Qc7 20. Rxd6 Qxd6 21.
Nxf7 Qd7 22. Nd6 Nh5 23. Be5 Rcd8 24. Qe2 g6 25. Bh3 Bc6 26. Qe3 Nf6 27. Qxc5
Nxe4 28. Qxc6 Ng5 29. Bg2 1-0

[Event "World Championship (rapid) 2015"]
[Site "Berlin GER"]
[Date "2015.10.12"]
[Round "12"]
[White "Kramnik, Vladimir"]
[Black "Zhigalko, Sergei"]
[Result "1/2-1/2"]
[WhiteElo "2777"]
[BlackElo "2656"]
[PlyCount "117"]
[EventDate "2015.10.10"]

1. d4 Nf6 2. Bf4 e6 3. e3 d5 4. Nd2 c5 5. Ngf3 Nc6 6. c3 Bd6 7. Bg3 O-O 8. Bd3
b6 9. e4 Be7 10. e5 Nh5 11. a3 a5 12. Qe2 c4 13. Bc2 b5 14. Ng5 Bxg5 15. Qxh5
g6 16. Qe2 f5 17. exf6 Qxf6 18. h4 Bf4 19. Bxf4 Qxf4 20. g3 Qf6 21. f4 Ra7 22.
Nf3 h6 23. Ne5 Nxe5 24. dxe5 Qg7 25. Qg4 Rd8 26. O-O-O b4 27. Qxg6 Qxg6 28.
Bxg6 Rg7 29. h5 Bd7 30. f5 Ba4 31. Rdf1 bxa3 32. bxa3 exf5 33. Rxf5 Be8 34. Rf6
Bxg6 35. hxg6 Re8 36. Rd6 Rge7 37. Rxd5 Rxe5 38. Rxe5 Rxe5 39. Rxh6 Re3 40. Kd2
Rd3+ 41. Kc2 Rxg3 42. Rh4 Rg2+ 43. Kc1 Rg1+ 44. Kd2 Ra1 45. Rxc4 Rxa3 46. Kc2
a4 47. Rb4 Ra2+ 48. Kb1 Rg2 49. Rxa4 Rxg6 50. Rf4 Rg2 51. c4 Kg7 52. c5 Rg5 53.
Rc4 Kf6 54. Kc2 Ke6 55. c6 Rg8 56. Kc3 Kd6 57. Kb4 Rb8+ 58. Ka5 Kc7 59. Rc2
1/2-1/2

[Event "World Championship (rapid) 2015"]
[Site "Berlin GER"]
[Date "2015.10.12"]
[Round "12"]
[White "Bocharov, Dmitry"]
[Black "Dominguez Perez, Leinier"]
[Result "1/2-1/2"]
[WhiteElo "2560"]
[BlackElo "2732"]
[PlyCount "51"]
[EventDate "2015.10.10"]

1. d4 Nf6 2. Nf3 g6 3. e3 Bg7 4. b4 O-O 5. Be2 b6 6. O-O c5 7. c3 d6 8. Bb2 Bb7
9. Nbd2 Nbd7 10. Qb3 Qc7 11. c4 Rfe8 12. bxc5 bxc5 13. d5 e6 14. dxe6 Rxe6 15.
Rab1 Bc6 16. Bc3 Rae8 17. Ng5 R6e7 18. Bf3 h6 19. Bxc6 Qxc6 20. Ngf3 Rb8 21.
Qc2 Ree8 22. h3 Rb6 23. Rb3 Ne4 24. Bxg7 Kxg7 25. Rd1 Nef6 26. Qd3 1/2-1/2

[Event "World Championship (rapid) 2015"]
[Site "Berlin GER"]
[Date "2015.10.12"]
[Round "12"]
[White "Vachier-Lagrave, Maxime"]
[Black "Kryvoruchko, Yuriy"]
[Result "1/2-1/2"]
[WhiteElo "2758"]
[BlackElo "2710"]
[PlyCount "61"]
[EventDate "2015.10.10"]

1. e4 e5 2. Nf3 Nc6 3. Bb5 Nf6 4. O-O Nxe4 5. Re1 Nd6 6. Nxe5 Be7 7. Bf1 Nxe5
8. Rxe5 O-O 9. Nc3 Ne8 10. Nd5 Bd6 11. Re1 c6 12. Ne3 Bc7 13. Nf5 d5 14. Ne7+
Kh8 15. Nxc8 Rxc8 16. d3 f5 17. Qf3 Nf6 18. Bf4 Bxf4 19. Qxf4 Qc7 20. Qxc7 Rxc7
21. d4 g6 22. f3 Kg7 23. Kf2 Kf7 24. a4 Re8 25. a5 Rxe1 26. Kxe1 a6 27. Kd2 Re7
28. Ra3 Ne8 29. Re3 Rxe3 30. Kxe3 Nc7 31. c3 1/2-1/2

[Event "World Championship (rapid) 2015"]
[Site "Berlin GER"]
[Date "2015.10.12"]
[Round "12"]
[White "Inarkiev, Ernesto"]
[Black "Kovalenko, Igor"]
[Result "1-0"]
[WhiteElo "2660"]
[BlackElo "2700"]
[PlyCount "51"]
[EventDate "2015.10.10"]

1. d4 Nf6 2. c4 e6 3. Nf3 b6 4. g3 Ba6 5. Qc2 Bb7 6. Bg2 c5 7. d5 exd5 8. cxd5
Nxd5 9. O-O Be7 10. Rd1 Nc6 11. Qa4 Nf6 12. Nc3 O-O 13. g4 h6 14. g5 hxg5 15.
Nxg5 c4 16. Qxc4 Ne5 17. Qh4 Bxg2 18. Kxg2 Ng6 19. Qh3 Re8 20. f4 Rc8 21. e4
Qc7 22. e5 Qb7+ 23. Kf1 Rc4 24. exf6 Qh1+ 25. Kf2 Bc5+ 26. Kg3 1-0

[Event "World Championship (rapid) 2015"]
[Site "Berlin GER"]
[Date "2015.10.12"]
[Round "12"]
[White "Savchenko, Boris"]
[Black "Kasimdzhanov, Rustam"]
[Result "1-0"]
[WhiteElo "2567"]
[BlackElo "2704"]
[PlyCount "105"]
[EventDate "2015.10.10"]

1. e4 e5 2. Nf3 Nc6 3. Bb5 a6 4. Ba4 Nf6 5. O-O Bc5 6. Qe2 b5 7. Bb3 O-O 8. c3
d6 9. Rd1 Bg4 10. h3 Bxf3 11. Qxf3 Rb8 12. d3 Nd7 13. Nd2 Bb6 14. Nf1 Nc5 15.
Bc2 Ne6 16. Ne3 Kh8 17. Bb3 Na5 18. Nd5 c6 19. Nxb6 Nxb3 20. axb3 Qxb6 21. Be3
c5 22. b4 Qc6 23. d4 cxd4 24. cxd4 exd4 25. Bxd4 f5 26. Rac1 Qb7 27. Bc3 Ng5
28. Qf4 Nxe4 29. Bd4 Rbd8 30. f3 Nf6 31. Qxf5 h6 32. Qg6 Kg8 33. Re1 Rf7 34.
Rcd1 Qd7 35. Bc3 Nh7 36. Rd5 Nf8 37. Qe4 Qc6 38. Qd4 Qc7 39. Qg4 Qc6 40. Red1
Qc7 41. Kh1 Rdd7 42. Rh5 Kh7 43. Rhd5 Ng6 44. Qe4 Rfe7 45. Qf5 Rf7 46. Qd3 Rfe7
47. Qf5 Rf7 48. Qb1 Rf4 49. Be5 Rc4 50. Bd4 Qc6 51. Bc5 Re7 52. Rxd6 Qe8 53.
Rxg6 1-0

[Event "World Championship (rapid) 2015"]
[Site "Berlin GER"]
[Date "2015.10.12"]
[Round "12"]
[White "Mamedov, Rauf"]
[Black "Tomashevsky, Evgeny"]
[Result "0-1"]
[WhiteElo "2657"]
[BlackElo "2758"]
[PlyCount "62"]
[EventDate "2015.10.10"]

1. e4 c6 2. Nf3 d5 3. Nc3 Bg4 4. h3 Bxf3 5. Qxf3 e6 6. d4 dxe4 7. Nxe4 Qxd4 8.
Bd3 Nd7 9. Be3 Qd5 10. Rd1 Ngf6 11. O-O Be7 12. Nxf6+ Nxf6 13. Qg3 Bd6 14. Qh4
Qa5 15. Bd4 Be5 16. Be3 O-O 17. b4 Qc7 18. c4 Rfd8 19. Bc2 h6 20. f4 Bc3 21. g4
Rxd1 22. Rxd1 Rd8 23. Rxd8+ Qxd8 24. Qf2 Bxb4 25. g5 hxg5 26. fxg5 Nd7 27. Kh1
Qe7 28. Qf4 Bc5 29. Bc1 Qd6 30. Qe4 Qg3 31. Qg2 Qe1+ 0-1

[Event "World Championship (rapid) 2015"]
[Site "Berlin GER"]
[Date "2015.10.12"]
[Round "12"]
[White "Bartel, Mateusz"]
[Black "Mamedyarov, Shakhriyar"]
[Result "0-1"]
[WhiteElo "2622"]
[BlackElo "2736"]
[PlyCount "120"]
[EventDate "2015.10.10"]

1. e4 e5 2. Nf3 Nc6 3. Bb5 Nf6 4. d3 d6 5. h3 Be7 6. a4 O-O 7. O-O h6 8. Nc3
Bd7 9. a5 a6 10. Bc4 Kh8 11. Be3 Nh7 12. d4 f5 13. exf5 Bxf5 14. dxe5 Nxe5 15.
Nxe5 dxe5 16. Bd5 Qc8 17. Be4 Nf6 18. Ra4 Nxe4 19. Nxe4 Qe8 20. Rc4 Rd8 21. Qe2
Qb5 22. Nc3 Qxb2 23. Rb1 Qxc2 24. Qxc2 Bxc2 25. Rxb7 Bd6 26. Ne4 Bxe4 27. Rxe4
Rb8 28. Ra7 Ra8 29. Rxa8 Rxa8 30. f4 exf4 31. Bxf4 Bxf4 32. Rxf4 c5 33. Rf5 Rc8
34. Kf2 c4 35. Ke2 c3 36. Kd1 c2+ 37. Kc1 Kg8 38. h4 Rc6 39. h5 Rc4 40. Rd5 Rg4
41. Rd6 Rxg2 42. Rxa6 Rh2 43. Rc6 Rxh5 44. a6 Ra5 45. Kxc2 h5 46. Kd3 Kh7 47.
Ke3 g6 48. Kf4 Kh6 49. Rb6 Ra4+ 50. Kg3 h4+ 51. Kh3 Kh5 52. Rc6 Ra3+ 53. Kg2 g5
54. Kh2 Ra2+ 55. Kg1 h3 56. a7 Rxa7 57. Kh2 Kh4 58. Rh6+ Kg4 59. Rb6 Ra2+ 60.
Kh1 Kh4 0-1

[Event "World Championship (rapid) 2015"]
[Site "Berlin GER"]
[Date "2015.10.12"]
[Round "12"]
[White "Petrosian, Tigran L"]
[Black "Gelfand, Boris"]
[Result "1/2-1/2"]
[WhiteElo "2625"]
[BlackElo "2741"]
[PlyCount "93"]
[EventDate "2015.10.10"]

1. Nf3 d5 2. g3 g6 3. d4 Nf6 4. c4 c6 5. cxd5 cxd5 6. Nc3 Bg7 7. Bg2 O-O 8. Ne5
e6 9. O-O Nfd7 10. f4 Nc6 11. Be3 Nb6 12. Bf2 Ne7 13. e4 dxe4 14. Nxe4 Nbd5 15.
Qa4 b6 16. Rac1 a5 17. Rfe1 Bb7 18. a3 Nf5 19. Ng5 h6 20. Ne4 Nd6 21. Nc3 Nxc3
22. Rxc3 Bxg2 23. Kxg2 Nf5 24. Qd7 Ne7 25. Rec1 Nd5 26. Qxd8 Rfxd8 27. Rc6 a4
28. Kf3 b5 29. g4 b4 30. f5 bxa3 31. bxa3 exf5 32. gxf5 Ne7 33. fxg6 Bxe5 34.
gxf7+ Kxf7 35. dxe5 Nxc6 36. Rxc6 Rac8 37. Rxh6 Rd3+ 38. Ke4 Rxa3 39. Bd4 Ra2
40. Kf5 Kg7 41. Ra6 Rf8+ 42. Ke4 Re8 43. h4 Rh2 44. Rxa4 Rxh4+ 45. Kd3 Kf7 46.
Ra7+ Re7 47. Rxe7+ 1/2-1/2

[Event "World Championship (rapid) 2015"]
[Site "Berlin GER"]
[Date "2015.10.12"]
[Round "12"]
[White "Svidler, Peter"]
[Black "Fedoseev, Vladimir3"]
[Result "1/2-1/2"]
[WhiteElo "2727"]
[BlackElo "2659"]
[PlyCount "75"]
[EventDate "2015.10.10"]

1. e4 e6 2. d4 d5 3. e5 c5 4. c3 Qb6 5. Nf3 Nc6 6. a3 c4 7. Nbd2 Na5 8. g3 Bd7
9. h4 O-O-O 10. Bh3 f5 11. exf6 gxf6 12. O-O Nh6 13. Re1 Nf5 14. Rb1 Bd6 15.
Nf1 Rdg8 16. Ne3 Nxg3 17. fxg3 Rxg3+ 18. Bg2 Rhg8 19. Rf1 Be8 20. b4 cxb3 21.
Ne1 Bg6 22. Rb2 Bxa3 23. Rf3 Be4 24. Rxg3 Rxg3 25. Re2 b2 26. Bxb2 Bxb2 27. Kf2
Qd6 28. Bxe4 dxe4 29. N1g2 Rf3+ 30. Kg1 Rh3 31. Rxb2 Qh2+ 32. Kf2 Rxe3 33. Qg4
Rf3+ 34. Ke2 Qg3 35. Qxe6+ Kd8 36. Qd5+ Kc8 37. Qe6+ Kd8 38. Qd5+ 1/2-1/2

[Event "World Championship (rapid) 2015"]
[Site "Berlin GER"]
[Date "2015.10.12"]
[Round "12"]
[White "Korobov, Anton"]
[Black "Wojtaszek, Radoslaw"]
[Result "1/2-1/2"]
[WhiteElo "2700"]
[BlackElo "2734"]
[PlyCount "100"]
[EventDate "2015.10.10"]

1. d4 Nf6 2. c4 e6 3. Nc3 Bb4 4. e3 O-O 5. Bd3 c5 6. Nf3 d5 7. O-O cxd4 8. exd4
dxc4 9. Bxc4 b6 10. Bg5 Bb7 11. Re1 Nbd7 12. Rc1 Rc8 13. Bd3 Re8 14. Qe2 Bxc3
15. bxc3 Qc7 16. Bh4 Nh5 17. Ng5 g6 18. Nh3 Qd6 19. f3 e5 20. Qb2 exd4 21. cxd4
Rxc1 22. Rxc1 Ndf6 23. Bf2 Nd5 24. Re1 Rxe1+ 25. Bxe1 Nhf4 26. Nxf4 Nxf4 27.
Bf1 Ne6 28. Bf2 Bd5 29. Bg3 Qd8 30. Qa3 a5 31. Qb2 f6 32. h4 Kf7 33. a3 Ng7 34.
Qc1 Nf5 35. Bc7 Qc8 36. Qf4 Qe6 37. Kf2 Bc4 38. Bxb6 Qxb6 39. Bxc4+ Kg7 40. g4
Qb2+ 41. Kg1 Nxd4 42. Qe3 Nxf3+ 43. Qxf3 Qd4+ 44. Kg2 Qxc4 45. g5 Qc2+ 46. Kg3
Qc7+ 47. Kg2 fxg5 48. hxg5 Qc5 49. Qf6+ Kg8 50. Qe6+ Kg7 1/2-1/2

[Event "World Championship (rapid) 2015"]
[Site "Berlin GER"]
[Date "2015.10.12"]
[Round "12"]
[White "Adhiban, Baskaran"]
[Black "Guseinov, Gadir"]
[Result "0-1"]
[WhiteElo "2674"]
[BlackElo "2634"]
[PlyCount "134"]
[EventDate "2015.10.10"]

1. e4 c5 2. Nc3 g6 3. d4 cxd4 4. Qxd4 Nf6 5. Nf3 Nc6 6. Qa4 d6 7. e5 dxe5 8.
Nxe5 Bd7 9. Nxd7 Qxd7 10. Be3 Bg7 11. Rd1 Qc8 12. Be2 O-O 13. O-O a6 14. Rfe1
b5 15. Qh4 Qf5 16. Bf3 Rac8 17. Nd5 Nxd5 18. Rxd5 Ne5 19. Be4 Qe6 20. Bd4 Nc4
21. Bxg7 Kxg7 22. f4 Qf6 23. Qxf6+ Kxf6 24. b3 Na3 25. c4 Rfd8 26. Rxd8 Rxd8
27. c5 b4 28. Bb7 Nb5 29. Bxa6 Nc7 30. Bb7 Rd4 31. Re4 Rxe4 32. Bxe4 e5 33. g3
exf4 34. gxf4 Ne6 35. c6 Ke7 36. f5 Nd4 37. fxg6 hxg6 38. Kf2 Kd6 39. c7 Kxc7
40. Ke3 Ne6 41. Bg2 Kd6 42. Bf1 f5 43. Kd3 Kc5 44. Ke3 Kd5 45. Kd3 Nf4+ 46. Ke3
Ke5 47. Bb5 g5 48. Bd7 Ne6 49. Bc8 Nc5 50. Kf3 Nd3 51. Ke3 Nc1 52. Kd2 Nxa2 53.
Kd3 g4 54. Kc4 Kf4 55. Bd7 Kg5 56. Kd4 f4 57. Be6 Nc3 58. Bc8 Kh4 59. Ke5 f3
60. Kd4 Kh3 61. Ke3 Kg2 62. Bb7 Kxh2 63. Bxf3 gxf3 64. Kxf3 Kg1 65. Ke3 Kf1 66.
Kd3 Ke1 67. Kc4 Na2 0-1